Solved Papers in Mental Health Nursing (Record no. 158227)
[ view plain ]
| 000 -LEADER | |
|---|---|
| fixed length control field | 00352nam a2200133Ia 4500 |
| 008 - FIXED-LENGTH DATA ELEMENTS--GENERAL INFORMATION | |
| fixed length control field | 230411s9999 xx 000 0 und d |
| 041 ## - LANGUAGE CODE | |
| Language code of text/sound track or separate title | eng |
| 082 ## - DEWEY DECIMAL CLASSIFICATION NUMBER | |
| Classification number | PS/610.7365/GUP/B08603 |
| 100 ## - MAIN ENTRY--PERSONAL NAME | |
| Personal name | Gupta Ram |
| 245 ## - TITLE STATEMENT | |
| Title | Solved Papers in Mental Health Nursing |
| 260 ## - PUBLICATION, DISTRIBUTION, ETC. (IMPRINT) | |
| Name of publisher, distributor, etc. | S Vikas and Co |
| Place of publication, distribution, etc. | Jalandhar |
| Date of publication, distribution, etc. | 2016 |
| 300 ## - PHYSICAL DESCRIPTION | |
| Extent | 136p |
| Withdrawn status | Lost status | Damaged status | Not for loan | Collection code | Home library | Current library | Date acquired | Vendor | Cost, normal purchase price | Bill number | Shelving control number | Total Checkouts | Full call number | Barcode | Date last seen | Date last checked out | Cost, replacement price | Bill Date | Koha item type | Original Barcode |
|---|---|---|---|---|---|---|---|---|---|---|---|---|---|---|---|---|---|---|---|---|
| Smt. Bakul Tambat Institute of Nursing Education | Smt. Bakul Tambat Institute of Nursing Education | 30/03/2017 | Samutkarsh | 140.00 | 1435 | 2 | 1 | PS 610.7365 GUP B08603 | BTIN-BK-8603 | 11/01/2024 | 09/01/2024 | 102.20 | 30/03/2017 | Books | B08603 |